000 00760nam a2200289Ia 4500
001 48422
003 IT-RoPAU
008 130308s9999 xx 000 0 und d
040 _aIT-RoPAU
040 _cIT-RoPAU
041 _aITALIANO
100 _aHeinemann Gottfried
100 _gCodice Aut. SPICS: 18679
245 _aOrdine del tempo (L')-Nota in margine ad Anassimandro
245 _bDimensioni del Tempo
250 _a1a ed.
260 _aMILANO
260 _bAngeli Franco
260 _c1987 [1° Ed.:1987 - Ed.Ling.Originale:1987]
300 _a"10 p. (prefazione: no ; testo: 10 [pagine: 19-28])"
650 _aEPISTEMOLOGIA
650 _eCodice materia Spics: 3051
942 _cBK
957 _71
999 _c38802
_d38802
999 _bSI
999 _g1